[Event "CRO Cup"]
[Site "Mali Losinj"]
[Date "2019.05.17"]
[Round "4.112"]
[White "Brajdic, Danko"]
[Black "Babic, Andrija"]
[Result "1/2-1/2"]
[WhiteElo "2183"]
[BlackElo "2131"]
[PlyCount "50"]
[EventDate "2019.05.15"]
[EventType "team-swiss"]
[EventRounds "6"]
[EventCountry "CRO"]
[SourceTitle "CBM 190 Extra"]
[Source "ChessBase"]
[SourceDate "2019.07.15"]
[SourceVersion "1"]
[SourceVersionDate "2019.07.15"]
[SourceQuality "1"]
[WhiteTeam "Zagreb Koncar"]
[BlackTeam "Zupanja Sladorana"]
[WhiteTeamCountry "CRO"]
[BlackTeamCountry "CRO"]

1. Nf3 Nf6 2. g3 g6 3. Bg2 Bg7 4. 0-0 0-0 5. d3 d6 6. e4 c5 7. c3 Nc6 8. Re1 Rb8 9. h3 b5 10. a3 a5 11. d4 e6 12. Bf4 cxd4 13. cxd4 Nh5 14. Bg5 Qd7 15. Nc3 b4 16. Ne2 bxa3 17. bxa3 Ba6 18. Rc1 Rfc8 19. g4 Nf6 20. Ng3 Ne8 21. Qd2 a4 22. Bh6 Bf6 23. Bg5 Bg7 24. Bh6 Bf6 25. Bg5 Bg7 1/2-1/2

[Event "CRO-chT2 Center 26th"]
[Site "Croatia"]
[Date "2017.04.02"]
[Round "4.15"]
[White "Hodzic, Hazim"]
[Black "Brajdic, Danko"]
[Result "0-1"]
[WhiteElo "1975"]
[BlackElo "2121"]
[PlyCount "64"]
[EventDate "2017.03.26"]
[EventType "team-tourn"]
[EventRounds "11"]
[EventCountry "CRO"]
[SourceTitle "EXT 2019"]
[Source "ChessBase"]
[SourceDate "2018.10.10"]
[SourceVersion "1"]
[SourceVersionDate "2018.10.10"]
[SourceQuality "1"]

1. Nf3 g6 2. d4 Bg7 3. e4 d6 4. Be2 Nf6 5. Nc3 0-0 6. 0-0 Nc6 7. a3 Bg4 8. Be3 e5 9. dxe5 dxe5 10. Bc5 Re8 11. h3 Bxf3 12. Bxf3 Nd4 13. a4 c6 14. Qd3 Nd7 15. Ba3 Bf8 16. Bg4 Bxa3 17. Rxa3 Nc5 18. Qd1 h5 19. Be2 Qh4 20. f4 Rad8 21. Qc1 Nxe4 22. Bc4 Ng3 23. Rf2 e4 24. Nd1 Ndf5 25. Ne3 Nxe3 26. Rxe3 Nf5 27. Re1 Rd4 28. b3 e3 29. Rf3 Rxf4 30. Be2 Rxf3 31. Bxf3 Qf2+ 32. Kh2 Nh4 0-1

[Event "CRO-chT2 Center 26th"]
[Site "Croatia"]
[Date "2017.03.26"]
[Round "1.55"]
[White "Lovrekovic, Kristijan"]
[Black "Brajdic, Danko"]
[Result "0-1"]
[WhiteElo "2050"]
[BlackElo "2121"]
[PlyCount "88"]
[EventDate "2017.03.26"]
[EventType "team-tourn"]
[EventRounds "11"]
[EventCountry "CRO"]
[SourceTitle "EXT 2019"]
[Source "ChessBase"]
[SourceDate "2018.10.10"]
[SourceVersion "1"]
[SourceVersionDate "2018.10.10"]
[SourceQuality "1"]

1. e4 g6 2. d4 Bg7 3. Be3 c5 4. c3 cxd4 5. cxd4 d5 6. exd5 Nf6 7. Nc3 Nxd5 8. Nxd5 Qxd5 9. Nf3 Nc6 10. Be2 0-0 11. Qd2 Rd8 12. 0-0 Nxd4 13. Nxd4 Bxd4 14. Bf3 Qd6 15. Qxd4 Qxd4 16. Bxd4 Rxd4 17. Rfd1 Rxd1+ 18. Rxd1 Be6 19. b3 Rb8 20. Kf1 b6 21. Ke2 Rc8 22. Rd2 Kg7 23. Bb7 Rc7 24. Be4 Kf6 25. f4 Bf5 26. Bxf5 Kxf5 27. g3 Ke4 28. Kd1 e6 29. Ke2 h5 30. Kf2 h4 31. Kg2 Ke3 32. Rb2 Rc5 33. Kh3 hxg3 34. Kxg3 Rc1 35. a4 Rg1+ 36. Kh4 f5 37. b4 Kxf4 38. a5 bxa5 39. bxa5 Ra1 40. Rf2+ Ke3 41. Rg2 Rxa5 42. Rxg6 Ra4+ 43. Kh3 e5 44. Kg2 Rg4+ 0-1

[Event "CRO Cup"]
[Site "Mali Losinj"]
[Date "2016.05.05"]
[Round "3.52"]
[White "Brajdic, Danko"]
[Black "Goric, Esad"]
[Result "1-0"]
[WhiteElo "2152"]
[BlackElo "2287"]
[PlyCount "91"]
[EventDate "2016.05.04"]
[EventType "team-swiss"]
[EventRounds "6"]
[EventCountry "CRO"]
[SourceTitle "CBM 172 Extra"]
[Source "ChessBase"]
[SourceDate "2016.06.21"]
[SourceVersion "1"]
[SourceVersionDate "2016.06.21"]
[SourceQuality "1"]
[WhiteTeam "Zagreb Koncar"]
[BlackTeam "Vinkovci"]
[WhiteTeamCountry "CRO"]
[BlackTeamCountry "CRO"]

1. Nf3 c5 2. g3 b6 3. Bg2 Bb7 4. 0-0 Nf6 5. d3 e6 6. e4 Be7 7. Re1 d6 8. Nbd2 0-0 9. c3 Nc6 10. a3 d5 11. e5 Nd7 12. Nf1 Rc8 13. h4 d4 14. c4 a6 15. Bf4 b5 16. b3 Re8 17. N1d2 Qc7 18. Ne4 Nd8 19. Nfg5 Bxe4 20. Bxe4 Bxg5 21. hxg5 Nf8 22. Bd2 bxc4 23. bxc4 Nd7 24. f4 Rb8 25. Qa4 Rf8 26. Rab1 f6 27. Ba5 Qc8 28. Rxb8 Nxb8 29. exf6 gxf6 30. g6 hxg6 31. Bxg6 e5 32. f5 Qb7 33. Qd1 Kg7 34. Bh5 Rg8 35. Bf3 Qe7 36. Bd5 Rh8 37. Kg2 Ndc6 38. Bd2 Kf8 39. Rh1 Rh7 40. Qg4 Qg7 41. Qxg7+ Kxg7 42. Rb1 Kf8 43. Rb6 Rc7 44. Kf3 Ke7 45. Bh6 Ke8 46. g4 1-0

[Event "Split op 5th"]
[Site "Split"]
[Date "2015.08.10"]
[Round "2"]
[White "Brajdic, Danko"]
[Black "Sale, Srdjan"]
[Result "1/2-1/2"]
[WhiteElo "2126"]
[BlackElo "2398"]
[PlyCount "65"]
[EventDate "2015.08.09"]
[EventType "swiss"]
[EventRounds "9"]
[EventCountry "CRO"]
[SourceTitle "EXT 2016"]
[Source "ChessBase"]
[SourceDate "2015.10.08"]
[SourceVersion "1"]
[SourceVersionDate "2015.10.08"]
[SourceQuality "1"]

1. Nf3 g6 2. g3 Bg7 3. Bg2 c5 4. 0-0 Nc6 5. e4 d6 6. d3 e5 7. c3 Nge7 8. a3 0-0 9. b4 h6 10. b5 Na5 11. c4 f5 12. Nc3 Be6 13. Rb1 Rc8 14. Nd5 fxe4 15. Nxe7+ Qxe7 16. Nh4 exd3 17. Nxg6 Qf7 18. Nxf8 Bxc4 19. Bd2 b6 20. Nh7 Qg6 21. Bxa5 bxa5 22. b6 axb6 23. Rxb6 e4 24. Qa4 Qe6 25. Rxd6 Qxd6 26. Qxc4+ Kxh7 27. Bxe4+ Kh8 28. Qxd3 Qxd3 29. Bxd3 c4 30. Rc1 c3 31. Kf1 Bd4 32. f3 Kg7 33. Ke2 1/2-1/2

[Event "CRO-CupT final"]
[Site "Sibenik"]
[Date "2015.05.20"]
[Round "1.5"]
[White "Brajdic, Danko"]
[Black "Tica, Sven"]
[Result "0-1"]
[WhiteElo "2133"]
[BlackElo "2277"]
[PlyCount "66"]
[EventDate "2015.05.20"]
[EventType "team-swiss"]
[EventRounds "6"]
[EventCountry "CRO"]
[SourceTitle "CBM 166 Extra"]
[Source "ChessBase"]
[SourceDate "2015.06.18"]
[SourceVersion "1"]
[SourceVersionDate "2015.06.18"]
[SourceQuality "1"]
[WhiteTeam "Zagreb Koncar"]
[BlackTeam "Rijeka Rijeka"]
[WhiteTeamCountry "CRO"]
[BlackTeamCountry "CRO"]

1. e4 c5 2. Nf3 Nc6 3. g3 g6 4. Bg2 Bg7 5. 0-0 e6 6. d3 Nge7 7. c3 0-0 8. Re1 d5 9. e5 Nf5 10. Qe2 h6 11. Na3 Rb8 12. g4 Nh4 13. Nxh4 Qxh4 14. Bf4 b5 15. Nc2 Bd7 16. a3 Rbc8 17. Bg3 Qe7 18. f4 f6 19. Rf1 a5 20. Rac1 b4 21. axb4 cxb4 22. d4 fxe5 23. fxe5 bxc3 24. bxc3 Na7 25. Rxf8+ Bxf8 26. Ne3 Nb5 27. Rf1 Nxc3 28. Qd3 Bg7 29. Qxg6 Be8 30. Qc2 Bb5 31. Nxd5 exd5 32. Bxd5+ Kh8 33. Kh1 Bxf1 0-1

[Event "Zagreb op"]
[Site "Zagreb"]
[Date "2015.04.23"]
[Round "8"]
[White "Brajdic, Danko"]
[Black "Tica, Sven"]
[Result "0-1"]
[WhiteElo "2169"]
[BlackElo "2295"]
[PlyCount "48"]
[EventDate "2015.04.17"]
[EventType "swiss"]
[EventRounds "9"]
[EventCountry "CRO"]
[SourceTitle "CBM 166 Extra"]
[Source "ChessBase"]
[SourceDate "2015.06.18"]
[SourceVersion "1"]
[SourceVersionDate "2015.06.18"]
[SourceQuality "1"]

1. Nf3 Nf6 2. g3 d5 3. Bg2 c6 4. 0-0 Bg4 5. d3 Nbd7 6. Nbd2 e5 7. e4 Bd6 8. exd5 cxd5 9. c4 0-0 10. cxd5 Nxd5 11. Nc4 Bc7 12. h3 Bh5 13. a3 Rc8 14. Re1 Re8 15. g4 Bg6 16. Ng5 Nc5 17. Be4 b5 18. Ne3 Nf4 19. h4 Ncxd3 20. Bxg6 hxg6 21. Rf1 e4 22. Ng2 Nxg2 23. Kxg2 Qd6 24. Rh1 e3 0-1

[Event "Topusko op 3rd"]
[Site "Topusko"]
[Date "2014.08.10"]
[Round "4"]
[White "Radenic, Filip"]
[Black "Brajdic, Danko"]
[Result "0-1"]
[WhiteElo "1667"]
[BlackElo "2123"]
[PlyCount "46"]
[EventDate "2014.08.08"]
[EventType "swiss"]
[EventRounds "9"]
[EventCountry "CRO"]
[SourceTitle "CBM 162 Extra"]
[Source "ChessBase"]
[SourceDate "2014.10.17"]
[SourceVersion "1"]
[SourceVersionDate "2014.10.17"]
[SourceQuality "1"]

1. c4 g6 2. g3 Bg7 3. Bg2 e5 4. Nc3 d6 5. Nf3 f5 6. d3 Nf6 7. 0-0 0-0 8. Rb1 h6 9. Bd2 Nc6 10. b4 g5 11. b5 Ne7 12. a4 Rb8 13. a5 b6 14. axb6 axb6 15. Qb3 Be6 16. Rfd1 Qe8 17. Ra1 Qh5 18. Ra7 Rbc8 19. Rda1 f4 20. Rb7 fxg3 21. fxg3 e4 22. dxe4 Nxe4 23. Be1 Nc5 0-1

[Event "Topusko op 3rd"]
[Site "Topusko"]
[Date "2014.08.09"]
[Round "2"]
[White "Zecevic, Dean"]
[Black "Brajdic, Danko"]
[Result "0-1"]
[WhiteElo "2240"]
[BlackElo "2123"]
[PlyCount "124"]
[EventDate "2014.08.08"]
[EventType "swiss"]
[EventRounds "9"]
[EventCountry "CRO"]
[SourceTitle "CBM 162 Extra"]
[Source "ChessBase"]
[SourceDate "2014.10.17"]
[SourceVersion "1"]
[SourceVersionDate "2014.10.17"]
[SourceQuality "1"]

1. e4 g6 2. d4 Bg7 3. Nc3 d6 4. f4 a6 5. a4 Nc6 6. d5 Nb8 7. Nf3 c6 8. Bc4 Nf6 9. h3 0-0 10. 0-0 cxd5 11. exd5 Nbd7 12. Be3 Qc7 13. Ba2 Nc5 14. Bd4 Bd7 15. a5 Qxa5 16. Qe1 Qc7 17. b4 Na4 18. Nxa4 Bxa4 19. c4 b5 20. c5 dxc5 21. bxc5 Qxf4 22. Qc3 Ne4 23. Qb2 Qe3+ 24. Kh2 Bxd4 25. Nxd4 Nc3 26. Nc6 Qxc5 27. Rae1 Rae8 28. Ne5 Nxd5 29. Kh1 Qd6 30. Ng4 f6 31. Bxd5+ Qxd5 32. Qa3 h5 33. Nh6+ Kg7 34. Rxe7+ Kxh6 35. Qe3+ Qg5 36. Rxe8 Qxe3 37. Rxe3 a5 38. Re6 Bc2 39. Rc1 Bd3 40. Rc3 Bc4 41. Ra6 a4 42. Kh2 Kg5 43. Rf3 h4 44. g3 hxg3+ 45. Kxg3 Rf7 46. Ra5 Kh6 47. h4 g5 48. hxg5+ Kxg5 49. Rf4 f5 50. Rd4 Re7 51. Kf3 Rh7 52. Ra8 Rh3+ 53. Kg2 Rd3 54. Rxd3 Bxd3 55. Kg3 Bc4 56. Ra7 f4+ 57. Kf3 Kf5 58. Ra6 Ke5 59. Kf2 Kd4 60. Rf6 Kc3 61. Rxf4 a3 62. Rf3+ Kb2 0-1

[Event "Topusko op 3rd"]
[Site "Topusko"]
[Date "2014.08.08"]
[Round "1"]
[White "Brajdic, Danko"]
[Black "Suta, Tomaz"]
[Result "1-0"]
[WhiteElo "2123"]
[BlackElo "1496"]
[PlyCount "71"]
[EventDate "2014.08.08"]
[EventType "swiss"]
[EventRounds "9"]
[EventCountry "CRO"]
[SourceTitle "CBM 162 Extra"]
[Source "ChessBase"]
[SourceDate "2014.10.17"]
[SourceVersion "1"]
[SourceVersionDate "2014.10.17"]
[SourceQuality "1"]

1. Nf3 Nf6 2. g3 g6 3. Bg2 Bg7 4. 0-0 0-0 5. c4 d6 6. Nc3 e5 7. d4 Nc6 8. d5 Ne7 9. c5 Nd7 10. cxd6 cxd6 11. Nd2 f5 12. Nc4 Qc7 13. Bg5 Bf6 14. Bxf6 Nxf6 15. b3 Bd7 16. Rc1 e4 17. a4 Be8 18. Qd4 Qc5 19. Rfd1 Qxd4 20. Rxd4 Rd8 21. f3 exf3 22. exf3 Bf7 23. f4 Rfe8 24. Nb5 Bxd5 25. Nc7 Bxc4 26. Nxe8 Nxe8 27. Rcxc4 b6 28. Rc1 Kf7 29. Bf1 Rc8 30. Bc4+ Kf6 31. Re1 Rc7 32. Bb5 Ng7 33. Rxd6+ Kf7 34. Bc4+ Kf8 35. Rd8+ Ne8 36. Bb5 1-0

[Event "Zagreb op"]
[Site "Zagreb"]
[Date "2014.03.24"]
[Round "9"]
[White "Brajdic, Danko"]
[Black "Doric, Nenad"]
[Result "0-1"]
[WhiteElo "2136"]
[BlackElo "2297"]
[PlyCount "68"]
[EventDate "2014.03.17"]
[EventType "swiss"]
[EventRounds "9"]
[EventCountry "CRO"]
[SourceTitle "CBM 159 Extra"]
[Source "ChessBase"]
[SourceDate "2014.04.24"]
[SourceVersion "1"]
[SourceVersionDate "2014.04.24"]
[SourceQuality "1"]

1. d4 Nf6 2. Bf4 g6 3. e3 Bg7 4. Nf3 d6 5. h3 0-0 6. Be2 c5 7. Nbd2 cxd4 8. exd4 Nc6 9. c3 e5 10. dxe5 dxe5 11. Nxe5 Nd5 12. Nxc6 bxc6 13. Bg3 Re8 14. 0-0 Bxc3 15. Nc4 Bxb2 16. Bf3 Bxa1 17. Qxa1 Ba6 18. Rc1 Bxc4 19. Rxc4 Qa5 20. Kh2 Qd2 21. Rd4 Re1 22. Rxd2 Rxa1 23. Be5 Rc1 24. Kg3 Rc4 25. Rxd5 cxd5 26. Bxd5 Rc5 27. Bxa8 Rxe5 28. Bc6 Kf8 29. Ba4 Ke7 30. Bb3 f6 31. Kf4 Kd6 32. h4 a5 33. Kg4 a4 34. f4 Re3 0-1

[Event "Zagreb City-ch"]
[Site "Zagreb"]
[Date "2013.11.10"]
[Round "6"]
[White "Brajdic, Danko"]
[Black "Sribar, Peter"]
[Result "1-0"]
[WhiteElo "2146"]
[BlackElo "2068"]
[PlyCount "107"]
[EventDate "2013.11.04"]
[EventType "swiss"]
[EventRounds "9"]
[EventCountry "CRO"]
[SourceTitle "EXT 2015"]
[Source "ChessBase"]
[SourceDate "2014.11.20"]
[SourceVersion "1"]
[SourceVersionDate "2014.11.20"]
[SourceQuality "1"]

1. d4 Nf6 2. Bf4 g6 3. e3 Bg7 4. Nf3 0-0 5. Be2 b6 6. 0-0 Bb7 7. c4 d5 8. Nc3 Nbd7 9. Ne5 dxc4 10. Nxc4 Ne4 11. f3 Nxc3 12. bxc3 c5 13. Qd2 cxd4 14. cxd4 f5 15. Rac1 Rc8 16. Rfd1 Bd5 17. a4 Nf6 18. Qb4 h6 19. Ne5 Kh7 20. Ba6 Rxc1 21. Rxc1 g5 22. Bg3 Ne8 23. Rc8 Qd6 24. Qb1 Kg8 25. Bb5 f4 26. exf4 gxf4 27. Bxf4 Rxf4 28. Rxe8+ Rf8 29. Rxf8+ Bxf8 30. Qg6+ Qxg6 31. Nxg6 Kf7 32. Nxf8 Kxf8 33. Kf2 Kf7 34. Ke3 Ke6 35. Kf4 Kd6 36. h4 Bb3 37. Be8 Bc2 38. g4 Kd5 39. Ke3 e5 40. dxe5 Kxe5 41. f4+ Kd6 42. g5 hxg5 43. fxg5 Ke7 44. Bb5 a6 45. Bxa6 Bxa4 46. h5 b5 47. Bb7 b4 48. Be4 Be8 49. h6 Kf8 50. Kf4 b3 51. Ke3 b2 52. Kd4 Kg8 53. Kc3 Kh8 54. Kxb2 1-0

[Event "Zagreb City-ch"]
[Site "Zagreb"]
[Date "2013.11.06"]
[Round "2"]
[White "Brajdic, Danko"]
[Black "Muha, Miljenko"]
[Result "1-0"]
[WhiteElo "2146"]
[BlackElo "1904"]
[PlyCount "89"]
[EventDate "2013.11.04"]
[EventType "swiss"]
[EventRounds "9"]
[EventCountry "CRO"]
[SourceTitle "EXT 2015"]
[Source "ChessBase"]
[SourceDate "2014.11.20"]
[SourceVersion "1"]
[SourceVersionDate "2014.11.20"]
[SourceQuality "1"]

1. g3 d5 2. Bg2 Nf6 3. f4 g6 4. Nf3 Bg7 5. 0-0 0-0 6. d3 c6 7. e3 Bg4 8. h3 Bxf3 9. Qxf3 Nbd7 10. e4 Qb6+ 11. Kh2 e5 12. f5 g5 13. Bxg5 Qxb2 14. Nd2 Qxc2 15. Rf2 Qa4 16. g4 dxe4 17. dxe4 Kh8 18. Be3 Ne8 19. g5 Rg8 20. Qh5 Nd6 21. g6 Nf6 22. Qh4 Rgf8 23. Bg5 Nde8 24. Nf1 Rd8 25. Ng3 Rd6 26. Raf1 Kg8 27. gxf7+ Rxf7 28. Bf3 Kh8 29. Rg2 Qa5 30. Rfg1 Qc7 31. Nh5 Rf8 32. Bxf6 Bxf6 33. Nxf6 Nxf6 34. Rg7 Qxg7 35. Rxg7 Kxg7 36. Qg3+ Kh8 37. Qxe5 Rfd8 38. Qe7 Rd2+ 39. Kg3 Ne8 40. e5 Ng7 41. Kf4 R2d7 42. Qf6 Rd4+ 43. Kg5 Kg8 44. e6 h6+ 45. Kg6 1-0

[Event "CRO-chT3 Center-A"]
[Site "Zagreb"]
[Date "2011.10.16"]
[Round "8.34"]
[White "Brajdic, Danko"]
[Black "Draganic, Stjepan"]
[Result "1/2-1/2"]
[WhiteElo "2113"]
[BlackElo "2178"]
[PlyCount "32"]
[EventDate "2011.03.13"]
[EventType "team-tourn"]
[EventRounds "11"]
[EventCountry "CRO"]
[SourceTitle "EXT 2014"]
[Source "ChessBase"]
[SourceDate "2013.11.20"]
[SourceVersion "1"]
[SourceVersionDate "2013.11.20"]
[SourceQuality "1"]

1. d4 Nf6 2. Bg5 c6 3. Bxf6 gxf6 4. c3 d5 5. e3 Bf5 6. Bd3 Bg6 7. h4 Qb6 8. b3 e5 9. h5 Bxd3 10. Qxd3 e4 11. Qd1 f5 12. Ne2 Bh6 13. g3 Nd7 14. Nd2 Nf6 15. c4 a5 16. Rc1 0-0 1/2-1/2

[Event "CRO-chT3 Center-A"]
[Site "Zagreb"]
[Date "2011.10.16"]
[Round "9.43"]
[White "Brajdic, Danko"]
[Black "Stankovic, Andrej"]
[Result "1-0"]
[WhiteElo "2113"]
[BlackElo "2126"]
[PlyCount "98"]
[EventDate "2011.03.13"]
[EventType "team-tourn"]
[EventRounds "11"]
[EventCountry "CRO"]
[SourceTitle "EXT 2014"]
[Source "ChessBase"]
[SourceDate "2013.11.20"]
[SourceVersion "1"]
[SourceVersionDate "2013.11.20"]
[SourceQuality "1"]

1. g3 c6 2. Bg2 d5 3. c4 Nf6 4. Nf3 Bg4 5. 0-0 e6 6. Ne5 Bh5 7. d4 Bd6 8. b3 Nfd7 9. Bb2 0-0 10. Nd2 Bxe5 11. dxe5 Qc7 12. f4 f6 13. exf6 Nxf6 14. h3 Qb6+ 15. Kh2 Qe3 16. Bf3 Nbd7 17. Bxh5 Nxh5 18. Rf3 Qb6 19. e4 e5 20. f5 d4 21. Rf1 Nhf6 22. Qe2 Nc5 23. g4 Na4 24. Ba3 Nc3 25. Qf3 c5 26. g5 Ne8 27. Bb2 Na4 28. Rab1 Nxb2 29. Rxb2 Rd8 30. Qg3 Qb4 31. Rf3 Qa3 32. Rc2 Qa5 33. Rd3 Qc7 34. Nf3 Rd7 35. Re2 Re7 36. h4 g6 37. f6 Re6 38. h5 gxh5 39. Nh4 Kh8 40. Qh3 Qf7 41. Nf5 Nd6 42. Nh6 Qg6 43. Qxe6 Qxg5 44. Qxd6 Qf4+ 45. Rg3 Rxf6 46. Qd8+ Rf8 47. Qxf8+ Qxf8 48. Rg8+ Qxg8 49. Nxg8 Kxg8 1-0

[Event "CRO-chT3 Center-A"]
[Site "Zagreb"]
[Date "2011.10.02"]
[Round "7.53"]
[White "Brajdic, Danko"]
[Black "Jakovljevski, Radivoje"]
[Result "1-0"]
[WhiteElo "2113"]
[BlackElo "2116"]
[PlyCount "79"]
[EventDate "2011.03.13"]
[EventType "team-tourn"]
[EventRounds "11"]
[EventCountry "CRO"]
[SourceTitle "EXT 2014"]
[Source "ChessBase"]
[SourceDate "2013.11.20"]
[SourceVersion "1"]
[SourceVersionDate "2013.11.20"]
[SourceQuality "1"]

1. g3 Nf6 2. Bg2 g6 3. Nf3 Bg7 4. d4 0-0 5. c4 d6 6. 0-0 Nbd7 7. Nc3 c6 8. h3 e5 9. e4 Qc7 10. Be3 Re8 11. Qc2 exd4 12. Nxd4 a5 13. Rfe1 Nc5 14. Nb3 Nxb3 15. axb3 Be6 16. Rad1 Nd7 17. Kh2 Nc5 18. Na4 Bf8 19. Bf4 Nd7 20. Rd2 f6 21. Red1 Ne5 22. Be3 Nd7 23. f4 Bf7 24. Bf2 Rad8 25. Bd4 Bg7 26. h4 Be6 27. Bf3 Rc8 28. h5 Bf7 29. Kg2 b5 30. Nc3 b4 31. Ne2 c5 32. Bf2 Bf8 33. g4 gxh5 34. gxh5 Kh8 35. Ng3 Be6 36. Rh1 Bh6 37. Be3 Nb8 38. Qd1 Rcd8 39. Bg4 Bxg4 40. Qxg4 1-0

[Event "CRO-chT4A Center"]
[Site "Zagreb"]
[Date "2010.10.24"]
[Round "9.33"]
[White "Ranogajec, Vlado"]
[Black "Brajdic, Danko"]
[Result "1/2-1/2"]
[WhiteElo "2074"]
[BlackElo "2152"]
[PlyCount "130"]
[EventDate "2010.03.21"]
[EventType "team-tourn"]
[EventRounds "11"]
[EventCountry "CRO"]
[SourceTitle "EXT 2012"]
[Source "ChessBase"]
[SourceDate "2011.11.24"]
[SourceVersion "1"]
[SourceVersionDate "2011.11.24"]
[SourceQuality "1"]

1. d4 g6 2. c4 Bg7 3. Nc3 c5 4. e3 Nf6 5. Nf3 0-0 6. Be2 cxd4 7. Nxd4 Nc6 8. 0-0 Nxd4 9. Qxd4 d6 10. Bf3 a6 11. Nd5 Nxd5 12. Qxd5 Rb8 13. Rb1 Bf5 14. Be4 Be6 15. Qd3 Qa5 16. a3 Rfc8 17. Bd5 Bxd5 18. cxd5 Qa4 19. b3 Qa5 20. b4 Qa4 21. Bb2 Qc2 22. Qxc2 Rxc2 23. Bxg7 Kxg7 24. Rb3 Rbc8 25. g3 Rd2 26. e4 Re2 27. Rd1 Rcc2 28. Rf3 Rxe4 29. Rdd3 h5 30. h4 Ree2 31. Rc3 Rxf2 32. Rfe3 Rg2+ 33. Kh1 Rh2+ 34. Kg1 Rcg2+ 35. Kf1 Ra2 36. Kg1 Rhd2 37. Rc1 Re2 38. Rxe2 Rxe2 39. Rc7 Re3 40. Kf2 Rxa3 41. Rxe7 b6 42. Rb7 a5 43. Rxb6 axb4 44. Rxd6 Rd3 45. Rb6 Rxd5 46. Rxb4 g5 47. hxg5 Rxg5 48. Kg2 Rg4 49. Rb3 Kg6 50. Rb6+ f6 51. Kf3 Ra4 52. Rb8 h4 53. gxh4 Rxh4 54. Kg3 Ra4 55. Kf3 Kg5 56. Rb3 Ra1 57. Kg3 f5 58. Kf3 Rh1 59. Rb8 Rh3+ 60. Kg2 Ra3 61. Rb4 Re3 62. Kf2 Rh3 63. Rc4 f4 64. Rc8 Rh2+ 65. Kf3 Rh3+ 1/2-1/2

[Event "Velika Gorica op 9th"]
[Site "Velika Gorica"]
[Date "2010.08.28"]
[Round "6"]
[White "Lasic, Luka"]
[Black "Brajdic, Danko"]
[Result "0-1"]
[WhiteElo "2233"]
[BlackElo "2118"]
[PlyCount "100"]
[EventDate "2010.08.23"]
[EventType "swiss"]
[EventRounds "9"]
[EventCountry "CRO"]
[SourceTitle "CBM 138 Extra"]
[Source "ChessBase"]
[SourceDate "2010.10.29"]
[SourceVersion "1"]
[SourceVersionDate "2010.10.29"]
[SourceQuality "1"]

1. d4 g6 2. c4 Bg7 3. Nc3 c5 4. Nf3 cxd4 5. Nxd4 Nc6 6. Nc2 Bxc3+ 7. bxc3 Qa5 8. Bd2 Nf6 9. f3 d6 10. e4 Be6 11. Nd4 Rc8 12. Qb3 b6 13. Nxe6 fxe6 14. c5 Qxc5 15. Qxe6 Ne5 16. Ba6 Rc7 17. a4 Rf8 18. Rf1 Nc4 19. Bb5+ Kd8 20. Bxc4 Qxc4 21. Qxc4 Rxc4 22. Bh6 Re8 23. Kd2 Kd7 24. a5 Rec8 25. axb6 axb6 26. Ra7+ Ke6 27. Rc1 Nd7 28. Bg7 Nf6 29. Rb7 R4c6 30. g4 Nd7 31. Rb1 Ra8 32. Bd4 Ra2+ 33. Ke3 Rxh2 34. f4 Rh3+ 35. Ke2 Nc5 36. f5+ Kf7 37. fxg6+ hxg6 38. Ra7 Nxe4 39. Rf1+ Ke6 40. Re1 d5 41. g5 Rg3 42. Be3 Nxc3+ 43. Kd2 Ne4+ 44. Kd3 Rc3+ 45. Kd4 Rc4+ 46. Kd3 Rg2 47. Bf4 Rgc2 48. Rb7 Kf5 49. Be3 e5 50. Rf7+ Ke6 0-1

[Event "CRO-chT4A Center"]
[Site "Zagreb"]
[Date "2010.03.21"]
[Round "1.34"]
[White "Glazar, Domagoj"]
[Black "Brajdic, Danko"]
[Result "0-1"]
[WhiteElo "2046"]
[BlackElo "2152"]
[PlyCount "92"]
[EventDate "2010.03.21"]
[EventType "team-tourn"]
[EventRounds "11"]
[EventCountry "CRO"]
[SourceTitle "EXT 2012"]
[Source "ChessBase"]
[SourceDate "2011.11.24"]
[SourceVersion "1"]
[SourceVersionDate "2011.11.24"]
[SourceQuality "1"]

1. d4 g6 2. e4 Bg7 3. Nf3 d6 4. Be2 a6 5. 0-0 Nf6 6. Nbd2 0-0 7. c4 c5 8. d5 e6 9. dxe6 Bxe6 10. Rb1 b5 11. cxb5 axb5 12. Bxb5 Rxa2 13. Ng5 Bd7 14. Bc4 Ra7 15. Re1 Nc6 16. Ndf3 h6 17. Nxf7 Rxf7 18. Qxd6 Be8 19. Qxc5 Kh7 20. Bxf7 Rxf7 21. b4 Qd3 22. Nd2 Ng4 23. Rb3 Qd4 24. Nf3 Qd8 25. Bb2 Bxb2 26. Rxb2 Qb8 27. h3 Nge5 28. Nxe5 Nxe5 29. Rd2 Kg7 30. Rd6 Nd7 31. Qd4+ Kh7 32. e5 Re7 33. f4 Nf8 34. f5 gxf5 35. Qh4 Qa7+ 36. Kh2 Bg6 37. Qf6 Rf7 38. Qh4 Qc7 39. Qf4 Re7 40. Rc1 Qb7 41. Rcc6 Qb5 42. Rc5 Qe2 43. Qf3 Rxe5 44. Qxe2 Rxe2 45. Rc7+ Kg8 46. b5 f4 0-1

[Event "CRO-chT3"]
[Site "Zagreb"]
[Date "2009.04.19"]
[Round "5"]
[White "Vukusic, Marin"]
[Black "Brajdic, Danko"]
[Result "1/2-1/2"]
[WhiteElo "2121"]
[BlackElo "2142"]
[PlyCount "96"]
[EventDate "2009.03.08"]
[EventType "team-tourn"]
[EventRounds "9"]
[EventCountry "CRO"]
[SourceTitle "EXT 2011"]
[Source "ChessBase"]
[SourceDate "2010.11.26"]
[SourceVersion "1"]
[SourceVersionDate "2010.11.26"]
[SourceQuality "1"]

1. e4 g6 2. d4 Bg7 3. Nf3 d6 4. h3 a6 5. Bd3 b5 6. 0-0 Bb7 7. Re1 Nd7 8. c3 c5 9. a4 c4 10. Bf1 d5 11. exd5 Bxd5 12. Bf4 Ngf6 13. Bd6 Ne4 14. Ba3 0-0 15. Nfd2 Nd6 16. Bb4 Re8 17. axb5 axb5 18. Rxa8 Qxa8 19. Na3 Bc6 20. b3 Nb6 21. bxc4 bxc4 22. Bxd6 exd6 23. Rxe8+ Qxe8 24. Naxc4 Nxc4 25. Nxc4 Bf8 26. Ne3 Qe7 27. Bc4 Bh6 28. Qe2 Qe4 29. Bd3 Qf4 30. g3 Qg5 31. h4 Qa5 32. Ng4 Bg7 33. Be4 Qxc3 34. d5 Bd7 35. Nh2 Qa1+ 36. Kg2 Qe5 37. Qc4 Qd4 38. Qxd4 Bxd4 39. f4 f5 40. Bf3 Bb5 41. h5 Kf7 42. hxg6+ hxg6 43. g4 Bc4 44. Kg3 Bg1 45. gxf5 Bxh2+ 46. Kxh2 gxf5 47. Kg3 Kf6 48. Kf2 Ba2 1/2-1/2

[Event "CRO-chT3"]
[Site "Zagreb"]
[Date "2008.04.06"]
[Round "2"]
[White "Brajdic, Danko"]
[Black "Kustrak, Mladen"]
[Result "1-0"]
[WhiteElo "2158"]
[BlackElo "1990"]
[PlyCount "52"]
[EventDate "2008.03.30"]
[EventType "team-tourn"]
[EventRounds "9"]
[EventCountry "CRO"]
[SourceTitle "EXT 2011"]
[Source "ChessBase"]
[SourceDate "2010.11.26"]
[SourceVersion "1"]
[SourceVersionDate "2010.11.26"]
[SourceQuality "1"]

1. d4 d5 2. c4 e6 3. Nc3 Nf6 4. Bg5 Be7 5. e3 c6 6. Nf3 0-0 7. Qc2 Nbd7 8. 0-0-0 dxc4 9. Bxc4 Nd5 10. Bxe7 Qxe7 11. Kb1 Nxc3+ 12. Qxc3 Nb6 13. Bb3 Nd5 14. Qd3 Bd7 15. Ne5 f6 16. Nxd7 Qxd7 17. e4 Nb6 18. Qh3 Rfe8 19. g4 g6 20. g5 fxg5 21. Rhg1 Qe7 22. Qh6 Rf8 23. Rxg5 Rxf2 24. Rdg1 Rf6 25. e5 Rf7 26. Rxg6+ Rg7 1-0